00603nmm a2200169Ia 4500008004100000020001800041041000800059100002600067245011900093264008400212300001800296490001500314650002900329856005100358942000700409999001700416251105s9999||||xx |||||||||||||||||und|| a9788437097305 aspa aFerri Ramírez, Marc 0aEl ejército de la paz :b Los ingenieros de caminos en la instauración del liberalismo en España (1833-1868) a[Madrid, España] :bPublicaciones de la Universidad de Valencia (PUV), c2015 a304 páginas aHistòria aHistory of Europe: Spain uhttps://public.digitaliapublishing.com/a/38888 cCF c82693d82693